00241nam a2200097Ia 4500008004100000100001800041245002500059260003300084260000900117999001700126170620s9999 xx 000 0 und d aKumar- Ranjit 0aResearch Methodology bNew Delhi- Pearson Education c2006 c24742d24742